Kylian Mbappé - Choix Multiples - Statistiques

Statistiques générales
  • Ce quiz a été pris 149 fois
  • Le résultat moyen est 7 sur 11
Statistiques - réponses
Question Réponse % Correct
Dans quel arrondissement de la banlieue parisienne Kylian a-t-il grandi ? Bondy
98%
Comment se prénomme le petit frère de Kylian, lui aussi footballeur ? Éthan
98%
Dans quel club Kylian à débuter sa carrière professionnel ? AS Monaco
97%
Quel est l'idole de Kylian ? Cristiano Ronaldo
90%
Kylian était-il né pour la finale de la coupe du monde 1998 ? Non
77%
Pour quelle entreprise de parfum signe-t-il en 2021 ? Dior
69%
Quel trophée a-t-il remporté ? Coupe Gambardella
63%
Sans compter les matchs amicaux, combien marque-t-il de buts sur toute la Coupe du Monde 2018 ? 4
48%
Enfant, de quel chanteur connaissait-il tout le répertoire ? Charles Aznavour
34%
Sur les 205 matchs, combien de buts marque-t-il avec le PSG ? 175
21%
Durant une partie de sa carrière qu'elle personne de sa famille avait-il au téléphone avant chaque match ? Sa grand-mère Christine
14%
Aucun quiz correspondant
Distribution des résultats
% des personnes avec chaque résultat
Percentile par nombre de réponses
Votre historique - résultats
Vous n’avez pas pris ce quiz